00341nam a2200109Ia 4500008004100000082002400041100003300065245001800098260003300116630001800149650006400167211109s9999||||xx |||||||||||||| ||und|| a894.812109 bKUN-C aKunjan Pillai [i P N ] Edr,  0aChandrolsavam bCurrent BooksaThrisurc1962 xGeneral Stack aMalayalam LiteraturevLiteratureMalayalam PoetryxGeneralia